| 000 | 00981nam a2200289Ia 4500 | ||
|---|---|---|---|
| 003 | OSt | ||
| 005 | 20221005043457.0 | ||
| 006 | a|||||r|||| 00| 0 | ||
| 007 | ta | ||
| 008 | 221004b |||||||| |||| 00| 0 eng d | ||
| 020 |
_a9789811399954 (hbk) _cEURO 49.99 |
||
| 024 | _a68123 | ||
| 037 |
_b206, 02/03/2020, Classic Book Service _cTextual |
||
| 040 |
_aCRL _cCRL _beng |
||
| 041 |
_2eng _aeng |
||
| 082 | _aX:(D65,8(B)), R0 | ||
| 100 |
_aMaiti Dibyendu Ed. _9463544 |
||
| 245 | 0 |
_aDigitalisation and development _b issues for India and beyond |
|
| 260 |
_aGateway _bEast Springer Singapore _c2020 |
||
| 300 |
_axv,436p. _ccm. |
||
| 650 | _a INFORMATION TECHNOLOGY | ||
| 650 | _aECONOMICS | ||
| 700 |
_a Castellacci Fulvio Ed. _9463545 |
||
| 700 |
_a Melchior Arne Ed. _9463546 |
||
| 942 |
_hX:(D65,8(B)), R0 _cTEXL _2cc |
||
| 999 |
_c951931 _d951931 |
||